000 00845nam a2200253 4500
003 OSt
005 20240724064301.0
006 a
008 240724b |||||||| |||| 00| 0 eng d
020 _a9781843105435
040 _aDWCL-Main lib.
_cOC
082 _aCirc. 306.8743 K55m 2007
100 _aKingston, Anna Karin
245 _aMothering special needs : a different maternal journey /
260 _aLondon :
_bJessica Kingsley Pub.,
_cc2007.
300 _b207 p. ;
_c24 cm.
504 _aIncludes bibliographical references & indexes.
650 _a1. Parents of children with disabilities- Ireland.
650 _a2. Parents of developmentally disabled children- Ireland.
650 _a3. Parents of autistic children.
650 _a4. Mothers - Ireland.
650 _a5. Motherhood- Ireland.
942 _2ddc
_n0
_cBK-CIRC
_kCirc.
999 _c2667
_d2667